000 00211nam a2200073Ia 4500
008 170817s9999 xx 000 0 und d
100 _aDatta.Agnihotra
245 0 _aBal Kandrit Shiksha Evam Shaikshik Prodhike
260 _bAgarwal Prakashan Agara
999 _c39383
_d39383